Estimation investments in shadow economy and its impact on economic growth in Russia
Problém odhadu investičnej aktivity v neformálnom sektore ruskej ekonomiky a jeho dopad na HDP. Navrhovaný prístup a model hodnotenia ako prognózovanie veľkosti tieňových investícií v ruskej ekonomike v roku 2016.
Na minha lista:
| Autor principal: | |
|---|---|
| Formato: | Capítulo de Livro |
| Idioma: | inglês |
| Assuntos: | |
| Tags: |
Sem tags, seja o primeiro a adicionar uma tag!
|
MARC
| LEADER | 00000nla a2200000 4500 | ||
|---|---|---|---|
| 001 | 0228279 | ||
| 005 | 20240417075112.3 | ||
| 041 | 0 | |a eng | |
| 044 | |a CZ | ||
| 245 | 1 | 0 | |a Estimation investments in shadow economy and its impact on economic growth in Russia |c Igor Lukasevich |
| 520 | |a Problém odhadu investičnej aktivity v neformálnom sektore ruskej ekonomiky a jeho dopad na HDP. Navrhovaný prístup a model hodnotenia ako prognózovanie veľkosti tieňových investícií v ruskej ekonomike v roku 2016. | ||
| 610 | 2 | 0 | |a ekonomika tieňová |
| 610 | 2 | 0 | |a Rusko |
| 610 | 2 | 0 | |a investície |
| 610 | 2 | 0 | |a prognózy |
| 610 | 2 | 0 | |a modelovanie |
| 100 | 1 | |a Lukasevich, Igor | |